Korean shamanism muism
Salvato in:
| Autore principale: | |
|---|---|
| Natura: | Libro |
| Lingua: | inglese |
| Pubblicazione: |
Seúl
Jimoondang Publishing
1998
|
| Serie: | Korean Studies Series, 9
|
| Soggetti: | |
| Tags: |
Aggiungi Tag
Nessun Tag, puoi essere il primo ad aggiungerne!!
|
MARC
| LEADER | 00000nam a2200000 a 4500 | ||
|---|---|---|---|
| 001 | UCP1945 | ||
| 003 | CL-VaPUC | ||
| 008 | 990430e19980000KO |||||||||||||||||eng|d | ||
| 082 | 0 | 4 | |a 299.5 |b TAE |2 21 |
| 100 | 0 | |a Tae Kon, Kim |e author |9 428305 | |
| 245 | 1 | 0 | |a Korean shamanism muism |
| 300 | |a 199 p | ||
| 942 | |c BK | ||
| 945 | |d 19990430 00:00:00 |a rbrito | ||
| 260 | |a Seúl |b Jimoondang Publishing |c 1998 | ||
| 650 | 7 | |a RELIGION ORIENTAL |2 CL-VaPUC |9 428306 | |
| 650 | 0 | |a Chamanismo |9 325290 | |
| 650 | 7 | |a HISTORIA DE COREA |2 CL-VaPUC |9 428307 | |
| 651 | 7 | |a COREA |2 CL-VaPUC |9 317315 | |
| 583 | |a last modification |c 20180124 12:57:32 |k Rodrigo Vera | ||
| 490 | 0 | |a Korean Studies Series, 9 | |
| 999 | |c 280571 |d 280569 | ||
| 952 | |0 0 |1 0 |4 0 |6 299_500000000000000_TAE_1998 |7 0 |8 A |9 320921 |a BIBGIM |b BIBGIM |d 2019-11-20 |i 3520455 |o 299.5 TAE 1998 |p 3520455 |r 2025-01-15 |w 2019-11-20 |y BK |k ORI | ||